SANCHAR MADHYAM LEKHAN (Record no. 5382)

MARC details
000 -LEADER
fixed length control field 00366nam a22001577a 4500
005 - DATE AND TIME OF LATEST TRANSACTION
control field 20170401144602.0
008 - FIXED-LENGTH DATA ELEMENTS--GENERAL INFORMATION
fixed length control field 170401b xxu||||| |||| 00| 0 eng d
020 ## - INTERNATIONAL STANDARD BOOK NUMBER
ISBN 81-8143-590-7
041 ## - LANGUAGE CODE
Language code of text/sound track or separate title eng
100 ## - MAIN ENTRY--AUTHOR NAME
Personal name RAINA,GAURISHANKAR
245 ## - TITLE STATEMENT
Title SANCHAR MADHYAM LEKHAN
260 ## - PUBLICATION, DISTRIBUTION, ETC. (IMPRINT)
Name of publisher VANI PRKASHAN
300 ## - PHYSICAL DESCRIPTION
Number of Pages 119
650 ## - SUBJECT ADDED ENTRY--TOPICAL TERM
Topical Term MASS COMM
942 ## - ADDED ENTRY ELEMENTS (KOHA)
Koha item type Books
Holdings
Lost status Damaged status Home library Current library Shelving location Date acquired Source of acquisition Cost, normal purchase price Accession Number Koha item type
    JRU Library   SHELF-31-G 30/04/2017 PURCHASE 125.00 21609 Books
    JRU Library   SHELF-32-G 30/04/2017 PURCHASE 125.00 21610 Books